<?xml version="1.0" encoding="UTF-8"?>
<record
    xmlns:xsi="http://www.w3.org/2001/XMLSchema-instance"
    xsi:schemaLocation="http://www.loc.gov/MARC21/slim http://www.loc.gov/standards/marcxml/schema/MARC21slim.xsd"
    xmlns="http://www.loc.gov/MARC21/slim">

  <leader>01366cam a22002891i 4500</leader>
  <controlfield tag="003">SA-RiAUC</controlfield>
  <controlfield tag="005">20260107114819.0</controlfield>
  <controlfield tag="008">260101s1987____pk     g      000 0 ara c</controlfield>
  <datafield tag="040" ind1=" " ind2=" ">
    <subfield code="a">SA-JeALM</subfield>
    <subfield code="b">ara</subfield>
    <subfield code="c">SA-RiAUC</subfield>
    <subfield code="e">rda</subfield>
  </datafield>
  <datafield tag="082" ind1="0" ind2="4">
    <subfield code="a">236.2</subfield>
  </datafield>
  <datafield tag="090" ind1=" " ind2=" ">
    <subfield code="a">236.2</subfield>
    <subfield code="b">&#x634; &#x64A; &#x628;</subfield>
  </datafield>
  <datafield tag="100" ind1="1" ind2=" ">
    <subfield code="a">&#x627;&#x644;&#x634;&#x64A;&#x628;&#x627;&#x646;&#x64A;&#x60C; &#x645;&#x62D;&#x645;&#x62F; &#x628;&#x646; &#x627;&#x644;&#x62D;&#x633;&#x646;&#x60C;</subfield>
    <subfield code="d">131-189 &#x647;&#x62C;&#x631;&#x64A;</subfield>
    <subfield code="e">&#x645;&#x624;&#x644;&#x641;.</subfield>
  </datafield>
  <datafield tag="245" ind1="1" ind2="0">
    <subfield code="a">&#x643;&#x62A;&#x627;&#x628; &#x627;&#x644;&#x622;&#x62B;&#x627;&#x631; /</subfield>
    <subfield code="c">&#x623;&#x628;&#x648; &#x639;&#x628;&#x62F; &#x627;&#x644;&#x644;&#x647; &#x645;&#x62D;&#x645;&#x62F; &#x628;&#x646; &#x645;&#x62D;&#x645;&#x62F; &#x627;&#x644;&#x62D;&#x633;&#x646; &#x627;&#x644;&#x634;&#x64A;&#x628;&#x627;&#x646;&#x64A;. &#x648;&#x64A;&#x644;&#x64A;&#x647; &#x627;&#x644;&#x625;&#x64A;&#x62B;&#x627;&#x631; &#x628;&#x645;&#x639;&#x631;&#x641;&#x629; &#x631;&#x648;&#x627;&#x629; &#x627;&#x644;&#x622;&#x62B;&#x627;&#x631; / &#x623;&#x62D;&#x645;&#x62F; &#x628;&#x646; &#x639;&#x644;&#x64A; &#x628;&#x646; &#x62D;&#x62C;&#x631; &#x627;&#x644;&#x639;&#x633;&#x642;&#x644;&#x627;&#x646;&#x64A;.</subfield>
  </datafield>
  <datafield tag="246" ind1="3" ind2="0">
    <subfield code="a">&#x627;&#x644;&#x622;&#x62B;&#x627;&#x631; </subfield>
  </datafield>
  <datafield tag="264" ind1=" " ind2="1">
    <subfield code="a">&#x643;&#x631;&#x627;&#x62A;&#x634;&#x64A;&#x60C; &#x628;&#x627;&#x643;&#x633;&#x62A;&#x627;&#x646; :</subfield>
    <subfield code="b">&#x625;&#x62F;&#x627;&#x631;&#x629; &#x627;&#x644;&#x642;&#x631;&#x622;&#x646; &#x648;&#x627;&#x644;&#x639;&#x644;&#x648;&#x645; &#x627;&#x644;&#x625;&#x633;&#x644;&#x627;&#x645;&#x64A;&#x629;&#x60C;</subfield>
    <subfield code="c">1987</subfield>
  </datafield>
  <datafield tag="300" ind1=" " ind2=" ">
    <subfield code="a">210 + 41 &#x635;&#x641;&#x62D;&#x629; &#x61B;</subfield>
    <subfield code="c">24 &#x633;&#x645;</subfield>
  </datafield>
  <datafield tag="336" ind1=" " ind2=" ">
    <subfield code="a">&#x646;&#x635;</subfield>
    <subfield code="b">txt</subfield>
    <subfield code="2">rdacontent</subfield>
    <subfield code="3">&#x643;&#x62A;&#x627;&#x628;</subfield>
  </datafield>
  <datafield tag="337" ind1=" " ind2=" ">
    <subfield code="a">&#x628;&#x62F;&#x648;&#x646; &#x648;&#x633;&#x64A;&#x637;</subfield>
    <subfield code="b">n</subfield>
    <subfield code="2">rdamedia</subfield>
  </datafield>
  <datafield tag="338" ind1=" " ind2=" ">
    <subfield code="a">&#x645;&#x62C;&#x644;&#x62F;</subfield>
    <subfield code="b">nc</subfield>
    <subfield code="2">rdacarrier</subfield>
  </datafield>
  <datafield tag="650" ind1=" " ind2="7">
    <subfield code="a">&#x627;&#x644;&#x62D;&#x62F;&#x64A;&#x62B;</subfield>
    <subfield code="x">&#x643;&#x62A;&#x628; &#x623;&#x626;&#x645;&#x629; &#x627;&#x644;&#x641;&#x642;&#x647; &#x627;&#x644;&#x623;&#x631;&#x628;&#x639;&#x629;</subfield>
    <subfield code="2">aucsh</subfield>
  </datafield>
  <datafield tag="650" ind1=" " ind2="7">
    <subfield code="a">&#x637;&#x628;&#x642;&#x627;&#x62A; &#x631;&#x648;&#x627;&#x629; &#x627;&#x644;&#x62D;&#x62F;&#x64A;&#x62B; &#x648;&#x62D;&#x641;&#x627;&#x638;&#x647;</subfield>
    <subfield code="v">&#x62A;&#x631;&#x627;&#x62C;&#x645;</subfield>
    <subfield code="2">aucsh</subfield>
  </datafield>
  <datafield tag="650" ind1=" " ind2="7">
    <subfield code="a">&#x627;&#x644;&#x641;&#x642;&#x647; &#x627;&#x644;&#x62D;&#x646;&#x641;&#x64A;</subfield>
    <subfield code="2">aucsh</subfield>
  </datafield>
  <datafield tag="700" ind1="1" ind2="2">
    <subfield code="a">&#x627;&#x628;&#x646; &#x62D;&#x62C;&#x631; &#x627;&#x644;&#x639;&#x633;&#x642;&#x644;&#x627;&#x646;&#x64A;&#x60C; &#x623;&#x62D;&#x645;&#x62F; &#x628;&#x646; &#x639;&#x644;&#x64A; &#x628;&#x646; &#x645;&#x62D;&#x645;&#x62F;&#x60C;</subfield>
    <subfield code="d">773-852 &#x647;&#x62C;&#x631;&#x64A;</subfield>
  </datafield>
  <datafield tag="740" ind1="0" ind2="2">
    <subfield code="a">&#x627;&#x644;&#x625;&#x64A;&#x62B;&#x627;&#x631; &#x628;&#x645;&#x639;&#x631;&#x641;&#x629; &#x631;&#x648;&#x627;&#x629; &#x627;&#x644;&#x622;&#x62B;&#x627;&#x631;.</subfield>
  </datafield>
  <datafield tag="942" ind1=" " ind2=" ">
    <subfield code="2">ddc</subfield>
    <subfield code="c">BOOK</subfield>
    <subfield code="n">0</subfield>
  </datafield>
  <datafield tag="949" ind1=" " ind2=" ">
    <subfield code="a">SA-JeALM</subfield>
    <subfield code="d">260101</subfield>
    <subfield code="u">osman123</subfield>
    <subfield code="n">1</subfield>
  </datafield>
  <datafield tag="952" ind1=" " ind2=" ">
    <subfield code="0">0</subfield>
    <subfield code="1">0</subfield>
    <subfield code="2">ddc</subfield>
    <subfield code="4">0</subfield>
    <subfield code="7">0</subfield>
    <subfield code="a">WAHAB</subfield>
    <subfield code="b">WAHAB</subfield>
    <subfield code="d">2026-01-07</subfield>
    <subfield code="l">0</subfield>
    <subfield code="o">236.2  &#x634; &#x64A; &#x628;</subfield>
    <subfield code="p">000022306</subfield>
    <subfield code="r">2026-01-07 11:48:41</subfield>
    <subfield code="w">2026-01-07</subfield>
    <subfield code="y">BOOK</subfield>
  </datafield>
  <datafield tag="999" ind1=" " ind2=" ">
    <subfield code="c">13943</subfield>
    <subfield code="d">13943</subfield>
  </datafield>
</record>
